=LDR 00000nam 2200000 4500 =001 NUTBA000000000002699 =005 20140625094155.0 =006 =007 =008 =020 ##$$a 978-602-855-110-6 =035 ##$$a 0010-061400000000642 =040 ##$$a NBPDMAT =082 ##$$a 635.65 =090 ##$$a 635.65 $b Rid m =100 ##$$a Ridwan Purnama =245 ##$$a Meraup untung dari pohon aren / $c Ridwan Purnama =260 ##$$a Jakarta : $b Buana Cipta Pustaka, $c 2009 =300 ##$$a 37 hlm. : $b ilus. ; $c 25 cm. =650 ##$$a Enau =850 ##$$a NBPDMAT =990 ##$$a 21402332